[Event "Liga Madrileña 2010/2011 - D. Honor"]
[Site "Madrid ESP"]
[Date "2011.02.06"]
[Round "9.22"]
[White "Anton Guijarro, David"]
[Black "Vallejo Diaz, Javier"]
[Result "1/2-1/2"]
[WhiteElo "2421"]
[BlackElo "2350"]
[PlyCount "78"]
[EventDate "2010.11.21"]
[EventType "team"]
[EventRounds "14"]
[EventCountry "ESP"]
[Source "lmi"]
[SourceDate "2010.11.21"]
[WhiteTeam "Virgen de Atocha"]
[BlackTeam "Amigos del Retiro"]
[WhiteTeamCountry "ESP"]
[BlackTeamCountry "ESP"]

1. e4 c5 2. Nf3 g6 3. d4 cxd4 4. Nxd4 Bg7 5. Nc3 Nc6 6. Be3 Nf6 7. Bc4 O-O 8.
Bb3 Ng4 9. Qxg4 Nxd4 10. Qd1 Nxb3 11. axb3 a6 12. Bd4 d6 13. Bxg7 Kxg7 14. Qd4+
Kg8 15. h4 h5 16. Nd5 Be6 17. Nb6 Rb8 18. c4 Kh7 19. Ra5 Rc8 20. Rg5 Rc5 21.
Rxc5 dxc5 22. Qxd8 Rxd8 23. Ke2 Rd6 24. Na4 Rc6 25. Rc1 Kg7 26. Ke3 f6 27. f3
Kf7 28. Kf4 b6 29. g3 Rd6 30. Ke3 Bd7 31. Nc3 Bc6 32. Ra1 a5 33. Rd1 Rxd1 34.
Nxd1 Ke6 35. f4 Kd6 36. Nc3 e6 37. Nd1 f5 38. exf5 exf5 39. Nf2 Ke6 1/2-1/2

[Event "Liga Madrileña 2010/2011 - D. Honor"]
[Site "Madrid ESP"]
[Date "2011.02.06"]
[Round "9.23"]
[White "Perez Gonzalez, Jose Manuel"]
[Black "Rubio Mejia, Luis"]
[Result "0-1"]
[WhiteElo "2281"]
[BlackElo "2409"]
[PlyCount "88"]
[EventDate "2010.11.21"]
[EventType "team"]
[EventRounds "14"]
[EventCountry "ESP"]
[Source "lmi"]
[SourceDate "2010.11.21"]
[WhiteTeam "Amigos del Retiro"]
[BlackTeam "Virgen de Atocha"]
[WhiteTeamCountry "ESP"]
[BlackTeamCountry "ESP"]

1. e4 c5 2. Nf3 d6 3. d4 cxd4 4. Nxd4 Nf6 5. Nc3 a6 6. Bc4 e6 7. O-O Be7 8. Bb3
O-O 9. f4 Nbd7 10. Be3 Nc5 11. Qf3 Qc7 12. g4 b5 13. g5 Nfxe4 14. Nxe4 Bb7 15.
Nxe6 Nxe6 16. Rad1 Nc5 17. Bd5 Bxd5 18. Rxd5 Nxe4 19. Qxe4 Rfe8 20. Qg2 Bf8 21.
Rd2 Qc8 22. Bd4 Qf5 23. Re2 Rxe2 24. Qxe2 Qd5 25. Qd2 Re8 26. Bc3 Qf5 27. Qd3
Re4 28. Be1 h5 29. gxh6 g6 30. Bg3 Kh7 31. Rd1 Bxh6 32. Qd5 Qxd5 33. Rxd5 Bg7
34. c3 Re2 35. Rxd6 Rxb2 36. Rxa6 Bxc3 37. Bf2 f5 38. Bc5 Kh6 39. a3 Bd2 40.
Bd6 Be3+ 41. Kh1 Kh5 42. Be5 Ra2 43. Ra8 Rf2 44. Rb8 Kg4 0-1

[Event "Liga Madrileña 2010/2011 - D. Honor"]
[Site "Madrid ESP"]
[Date "2011.02.06"]
[Round "9.24"]
[White "Martinez Martin, David"]
[Black "Fernandez Garcia, Miguel Angel"]
[Result "1/2-1/2"]
[WhiteElo "2398"]
[BlackElo "2304"]
[PlyCount "141"]
[EventDate "2010.11.21"]
[EventType "team"]
[EventRounds "14"]
[EventCountry "ESP"]
[Source "lmi"]
[SourceDate "2010.11.21"]
[WhiteTeam "Virgen de Atocha"]
[BlackTeam "Amigos del Retiro"]
[WhiteTeamCountry "ESP"]
[BlackTeamCountry "ESP"]

1. d4 d5 2. c4 c6 3. Nf3 Nf6 4. e3 Bf5 5. Nc3 e6 6. Nh4 Bg6 7. g3 Nbd7 8. Bg2
Be7 9. Nxg6 hxg6 10. O-O O-O 11. Qe2 a6 12. e4 dxe4 13. Rd1 Qc7 14. Nxe4 Nxe4
15. Qxe4 Nf6 16. Qc2 Rad8 17. Bf4 Bd6 18. Bg5 Rd7 19. Rab1 Rfd8 20. b4 Be7 21.
Bf4 Bd6 22. Be3 Ng4 23. a4 Nxe3 24. fxe3 e5 25. b5 exd4 26. b6 Qb8 27. exd4 c5
28. d5 Re7 29. Bf3 Rde8 30. Kg2 Qd8 31. Qd2 Re5 32. a5 Qe7 33. Kf2 Qf6 34. Re1
g5 35. Rxe5 Rxe5 36. g4 Qh6 37. Kg1 Qf6 38. Rf1 Qe7 39. Qf2 g6 40. Rd1 Kg7 41.
Qb2 f6 42. Kg2 Re3 43. Rd2 Be5 44. Qc2 Qd6 45. Re2 Rxe2+ 46. Qxe2 Bxh2 47. Qe4
Be5 48. Bd1 Qd7 49. Bc2 Kf8 50. Kf1 Qh7 51. Qg2 Bd6 52. Ke2 Ke7 53. Qe4+ Kd8
54. Qg2 Qe7+ 55. Qe4 Qh7 56. Qg2 Be5 57. Bd3 Qe7 58. Qe4 Bc3 59. d6 Qxe4+ 60.
Bxe4 Bxa5 61. Bxb7 Bxb6 62. Bxa6 Kd7 63. Bb7 f5 64. Kf3 Kxd6 65. Bd5 Ke5 66.
Bf7 Kf6 67. Bd5 Bd8 68. Bg8 Ke5 69. Bf7 Kd4 70. Be6 Bc7 71. Bf7 1/2-1/2

[Event "Liga Madrileña 2010/2011 - D. Honor"]
[Site "Madrid ESP"]
[Date "2011.02.06"]
[Round "9.25"]
[White "Sanchez Gonzalez, Sergio"]
[Black "Rabadan Velasco, Raul"]
[Result "1-0"]
[WhiteElo "2291"]
[BlackElo "2350"]
[PlyCount "85"]
[EventDate "2010.11.21"]
[EventType "team"]
[EventRounds "14"]
[EventCountry "ESP"]
[Source "lmi"]
[SourceDate "2010.11.21"]
[WhiteTeam "Amigos del Retiro"]
[BlackTeam "Virgen de Atocha"]
[WhiteTeamCountry "ESP"]
[BlackTeamCountry "ESP"]

1. c4 Nf6 2. g3 e6 3. Bg2 d5 4. Nf3 Be7 5. b3 O-O 6. O-O b6 7. Bb2 Nbd7 8. cxd5
exd5 9. Nd4 Bb7 10. Nf5 Re8 11. Nxe7+ Qxe7 12. Nc3 Ne4 13. Nb5 Ndf6 14. d3 Nd6
15. Bxf6 gxf6 16. Nxd6 Qxd6 17. e3 Ba6 18. Qg4+ Kh8 19. Rfd1 c5 20. Qh5 Rad8
21. Qxf7 Re7 22. Qh5 d4 23. e4 Rg8 24. Bh3 Rg5 25. Qh4 Reg7 26. f4 R5g6 27. Bf5
Kg8 28. Re1 Qf8 29. Bxg6 Rxg6 30. Rad1 Bb7 31. f5 Rg5 32. Qf4 h5 33. h3 Qg7 34.
Kh2 Qd7 35. Rd2 a5 36. Rf2 Rg7 37. e5 Re7 38. e6 Qc6 39. Qh6 Rg7 40. Qxf6 h4
41. Qd8+ Kh7 42. Qxh4+ Kg8 43. f6 1-0

[Event "Liga Madrileña 2010/2011 - D. Honor"]
[Site "Madrid ESP"]
[Date "2011.02.06"]
[Round "9.26"]
[White "Rudolf, Anna"]
[Black "Vallejo Diaz, Jesus"]
[Result "1-0"]
[WhiteElo "2347"]
[BlackElo "2273"]
[PlyCount "37"]
[EventDate "2010.11.21"]
[EventType "team"]
[EventRounds "14"]
[EventCountry "ESP"]
[Source "lmi"]
[SourceDate "2010.11.21"]
[WhiteTeam "Virgen de Atocha"]
[BlackTeam "Amigos del Retiro"]
[WhiteTeamCountry "ESP"]
[BlackTeamCountry "ESP"]

1. e4 c5 2. Nf3 e6 3. d4 cxd4 4. Nxd4 a6 5. Bd3 Bc5 6. Nb3 Be7 7. Qg4 g6 8. Qe2
d6 9. a4 b6 10. Na3 Nc6 11. Nc4 Nf6 12. Bh6 Nd7 13. O-O Qc7 14. f4 Bf6 15. Rad1
Bb7 16. e5 dxe5 17. Be4 Be7 18. fxe5 Ndxe5 19. Nxe5 1-0

[Event "Liga Madrileña 2010/2011 - D. Honor"]
[Site "Madrid ESP"]
[Date "2011.02.06"]
[Round "9.31"]
[White "Vazquez Igarza, Renier"]
[Black "Moreno Carnero, Javier"]
[Result "1/2-1/2"]
[WhiteElo "2558"]
[BlackElo "2519"]
[PlyCount "67"]
[EventDate "2010.11.21"]
[EventType "team"]
[EventRounds "14"]
[EventCountry "ESP"]
[Source "lmi"]
[SourceDate "2010.11.21"]
[WhiteTeam "Collado Villalba"]
[BlackTeam "La Casa del Ajedrez"]
[WhiteTeamCountry "ESP"]
[BlackTeamCountry "ESP"]

1. Nf3 d5 2. d4 Nf6 3. c4 e6 4. Nc3 Be7 5. Bf4 O-O 6. e3 Nbd7 7. Be2 dxc4 8.
Bxc4 a6 9. Ne5 c5 10. O-O cxd4 11. exd4 Nb6 12. Bb3 Nbd5 13. Bg5 Nd7 14. Bxe7
Nxe7 15. Ne4 Nxe5 16. dxe5 Ng6 17. f4 Bd7 18. Qh5 Ba4 19. Ng5 h6 20. Nxe6 Qb6+
21. Kh1 fxe6 22. Qxg6 Bxb3 23. axb3 Qxb3 24. Rf3 Qxb2 25. Qxe6+ Kh8 26. Raf1 a5
27. f5 Rae8 28. Qg6 Qxe5 29. f6 Rxf6 30. Rxf6 gxf6 31. Qxh6+ Kg8 32. Qg6+ Kh8
33. h3 Rd8 34. Qh6+ 1/2-1/2

[Event "Liga Madrileña 2010/2011 - D. Honor"]
[Site "Madrid ESP"]
[Date "2011.02.06"]
[Round "9.32"]
[White "Gallego Jimenez, Victoriano"]
[Black "Moreno Ruiz, Javier"]
[Result "1/2-1/2"]
[WhiteElo "2398"]
[BlackElo "2527"]
[PlyCount "99"]
[EventDate "2010.11.21"]
[EventType "team"]
[EventRounds "14"]
[EventCountry "ESP"]
[Source "lmi"]
[SourceDate "2010.11.21"]
[WhiteTeam "La Casa del Ajedrez"]
[BlackTeam "Collado Villalba"]
[WhiteTeamCountry "ESP"]
[BlackTeamCountry "ESP"]

1. d4 d5 2. c4 dxc4 3. e4 e5 4. Nf3 exd4 5. Qxd4 Qxd4 6. Nxd4 Nf6 7. f3 Bc5 8.
Be3 Nc6 9. Nc2 Bxe3 10. Nxe3 Be6 11. Bxc4 Bxc4 12. Nxc4 Nb4 13. Nba3 O-O-O 14.
Ke2 Rhe8 15. Rhd1 Nfd5 16. Kf1 Nf4 17. Nb5 a6 18. Nc3 Nfd3 19. Rd2 b5 20. Na5
Ne5 21. Rad1 Rxd2 22. Rxd2 Rd8 23. Rxd8+ Kxd8 24. a3 Nbd3 25. b4 c5 26. bxc5
Nxc5 27. Ke2 Kd7 28. Nd5 Nc6 29. Nxc6 Kxc6 30. Kd2 a5 31. Ne7+ Kd7 32. Nf5 Ne6
33. Kc3 Kc6 34. Nd4+ Nxd4 35. Kxd4 g5 36. e5 h5 37. g3 h4 38. f4 gxf4 39. gxf4
b4 40. axb4 axb4 41. f5 b3 42. Kc3 Kd5 43. e6 fxe6 44. fxe6 Kxe6 45. Kxb3 Kf5
46. Kc2 Kg4 47. Kd2 Kf3 48. Ke1 Kg2 49. h3 Kxh3 50. Kf2 1/2-1/2

[Event "Liga Madrileña 2010/2011 - D. Honor"]
[Site "Madrid ESP"]
[Date "2011.02.06"]
[Round "9.33"]
[White "Ortiz Herranz, Eleazar"]
[Black "Rojo Huerta, Gabriel"]
[Result "1/2-1/2"]
[WhiteElo "2243"]
[BlackElo "2375"]
[PlyCount "165"]
[EventDate "2010.11.21"]
[EventType "team"]
[EventRounds "14"]
[EventCountry "ESP"]
[Source "lmi"]
[SourceDate "2010.11.21"]
[WhiteTeam "Collado Villalba"]
[BlackTeam "La Casa del Ajedrez"]
[WhiteTeamCountry "ESP"]
[BlackTeamCountry "ESP"]

1. Nf3 c5 2. c4 Nc6 3. g3 g6 4. Bg2 Bg7 5. O-O d6 6. Nc3 e5 7. d3 Nge7 8. Bd2
O-O 9. a3 Rb8 10. Ne1 Be6 11. Nc2 d5 12. b3 h6 13. Rb1 a5 14. Qc1 Kh7 15. cxd5
Nxd5 16. Nxd5 Bxd5 17. Bxd5 Qxd5 18. Ne3 Qe6 19. Qc4 Qe7 20. Rfc1 b6 21. b4 Nd4
22. Kf1 cxb4 23. axb4 Rbc8 24. Qa2 Rxc1+ 25. Rxc1 axb4 26. Qc4 b3 27. Bb4 Qb7
28. Qd5 Qxd5 29. Nxd5 Ra8 30. Rb1 Ra2 31. Bc3 Nxe2 32. Rxb3 Nc1 33. Rxb6 Nxd3
34. Nf6+ Bxf6 35. Rxf6 Kg8 36. Rf3 e4 37. Rf6 Kf8 38. Bd4 Ra4 39. Be3 Ra1+ 40.
Ke2 Ra2+ 41. Kf1 h5 42. Rb6 Rb2 43. Ra6 Rb5 44. h4 Rd5 45. Bh6+ Ke7 46. Bg5+
Kd7 47. Ra7+ Ke6 48. Re7+ Kf5 49. Rxf7+ Kg4 50. Kg2 Rf5 51. Rf6 Rxf6 52. Bxf6
Nc5 53. Bd4 Ne6 54. Be3 Ng7 55. Bc1 Nf5 56. Bg5 Nd4 57. Bc1 Nc2 58. Bg5 Ne1+
59. Kf1 Nf3 60. Bc1 Kh3 61. Be3 Kh2 62. Bf4 Kh3 63. Bc1 Nd4 64. Be3 Nf5 65. Bf4
e3 66. Ke2 exf2 67. Kxf2 Nd4 68. Bb8 Kg4 69. Ke3 Nc6 70. Bc7 Ne7 71. Bb8 Nd5+
72. Kd4 Ne7 73. Ke3 Kf5 74. Kf3 Nc6 75. Bc7 Nd4+ 76. Ke3 Ne6 77. Bb8 Kg4 78.
Kf2 Nc5 79. Ke3 Nd7 80. Bc7 Nf6 81. Bb8 Nd5+ 82. Kd4 Ne7 83. Ke3 1/2-1/2

[Event "Liga Madrileña 2010/2011 - D. Honor"]
[Site "Madrid ESP"]
[Date "2011.02.06"]
[Round "9.34"]
[White "Elguezabal Varela, Daniel"]
[Black "Cao Armillas, Jesus"]
[Result "1-0"]
[WhiteElo "2357"]
[BlackElo "2189"]
[PlyCount "79"]
[EventDate "2010.11.21"]
[EventType "team"]
[EventRounds "14"]
[EventCountry "ESP"]
[Source "lmi"]
[SourceDate "2010.11.21"]
[WhiteTeam "La Casa del Ajedrez"]
[BlackTeam "Collado Villalba"]
[WhiteTeamCountry "ESP"]
[BlackTeamCountry "ESP"]

1. d4 Nf6 2. Nf3 d6 3. g3 g6 4. Bg2 Bg7 5. O-O O-O 6. c4 Nbd7 7. Nc3 e5 8. e4
c6 9. h3 a5 10. Re1 Re8 11. Qc2 exd4 12. Nxd4 Nc5 13. Bf4 Nfd7 14. Rad1 Ne5 15.
Nce2 Qe7 16. Be3 h5 17. f4 Nxc4 18. Qxc4 Nxe4 19. Nc3 d5 20. Qd3 f5 21. Bf2 Bd7
22. h4 Qb4 23. Nxe4 fxe4 24. Qe3 Bg4 25. Rd2 Rad8 26. a3 Qe7 27. Nc2 Bxb2 28.
Qb3 Qg7 29. Rxe4 Bf6 30. Rxe8+ Rxe8 31. Bd4 Bxd4+ 32. Nxd4 Re1+ 33. Kh2 Qe7 34.
Qd3 Kh7 35. f5 Qe5 36. fxg6+ Kg7 37. Nf3 Bxf3 38. Qxf3 Kxg6 39. Rf2 Qg7 40.
Qd3+ 1-0

[Event "Liga Madrileña 2010/2011 - D. Honor"]
[Site "Madrid ESP"]
[Date "2011.02.06"]
[Round "9.35"]
[White "Cepeda Delgado, Camilo Jose"]
[Black "Gemy Vargas, Jose Daniel"]
[Result "1/2-1/2"]
[WhiteElo "2187"]
[BlackElo "2316"]
[PlyCount "134"]
[EventDate "2010.11.21"]
[EventType "team"]
[EventRounds "14"]
[EventCountry "ESP"]
[Source "lmi"]
[SourceDate "2010.11.21"]
[WhiteTeam "Collado Villalba"]
[BlackTeam "La Casa del Ajedrez"]
[WhiteTeamCountry "ESP"]
[BlackTeamCountry "ESP"]

1. d4 d5 2. c4 c6 3. cxd5 cxd5 4. Nc3 Nc6 5. Nf3 Nf6 6. Bf4 a6 7. e3 Bg4 8. Rc1
e6 9. Qb3 Bxf3 10. gxf3 Ra7 11. Be2 Bd6 12. Bxd6 Qxd6 13. O-O O-O 14. Na4 b5
15. Nc5 e5 16. dxe5 Nxe5 17. Rfd1 Rc7 18. Nd3 Nc4 19. Qb4 Qb6 20. b3 Nd6 21.
Rxc7 Qxc7 22. Qc5 Qxc5 23. Nxc5 a5 24. Nd7 Nxd7 25. Rxd5 a4 26. Rxd6 axb3 27.
Rxd7 b2 28. Rd1 Rc8 29. Bd3 Rc1 30. Rf1 Kf8 31. f4 Ke7 32. f3 Kd6 33. Kf2 Kc5
34. a3 Kb6 35. Ke2 Ka5 36. Rd1 Ka4 37. Kd2 Rc5 38. e4 Kxa3 39. Bb1 Rh5 40. Kc3
Rc5+ 41. Kd3 Kb3 42. e5 b4 43. Ke2 Rc1 44. Kd2 Rc3 45. Re1 Ka4 46. f5 Rxf3 47.
e6 fxe6 48. fxe6 Rf2+ 49. Re2 Rf8 50. e7 Re8 51. Bxh7 Ka3 52. Bb1 g5 53. h3 Kb3
54. Re4 Ka4 55. Kc2 Kb5 56. Kxb2 Kc6 57. Kb3 Kd6 58. Kxb4 Rxe7 59. Rd4+ Ke5 60.
Kc3 Rc7+ 61. Kd3 Rc1 62. Bc2 Rxc2 63. Kxc2 Kxd4 64. Kd2 Ke4 65. Ke2 Kf4 66. Kf2
g4 67. hxg4 Kxg4 1/2-1/2

[Event "Liga Madrileña 2010/2011 - D. Honor"]
[Site "Madrid ESP"]
[Date "2011.02.06"]
[Round "9.36"]
[White "Suarez Uriel, Adrian"]
[Black "Lorite Cruz, Francisco"]
[Result "1-0"]
[WhiteElo "2215"]
[BlackElo "2095"]
[PlyCount "136"]
[EventDate "2010.11.21"]
[EventType "team"]
[EventRounds "14"]
[EventCountry "ESP"]
[Source "lmi"]
[SourceDate "2010.11.21"]
[WhiteTeam "La Casa del Ajedrez"]
[BlackTeam "Collado Villalba"]
[WhiteTeamCountry "ESP"]
[BlackTeamCountry "ESP"]

1. e4 e5 2. Nf3 Nc6 3. Bb5 a6 4. Ba4 Nf6 5. O-O Be7 6. d3 b5 7. Bb3 d6 8. a4
Rb8 9. axb5 axb5 10. c3 O-O 11. Re1 b4 12. d4 bxc3 13. bxc3 exd4 14. cxd4 Bg4
15. Bb2 d5 16. exd5 Nxd5 17. h3 Be6 18. Nbd2 Bb4 19. Rc1 Nce7 20. Bc4 Ng6 21.
Qc2 Ngf4 22. Bf1 Re8 23. Kh2 g6 24. Ba1 Ba3 25. Rb1 Rxb1 26. Qxb1 Bb4 27. g3
Nh5 28. Qc2 Nhf6 29. Bb5 Bd7 30. Rxe8+ Qxe8 31. Bf1 Bf5 32. Qa2 Be6 33. Nc4 Ne4
34. Bd3 Nd6 35. Nxd6 Bxd6 36. Bc4 Nb4 37. Qb3 Bxc4 38. Qxc4 Qe4 39. Qxf7+ Kxf7
40. Ng5+ Kf6 41. Nxe4+ Ke6 42. Kg2 Be7 43. Kf3 Kd5 44. Nc3+ Kc4 45. Ne2 Bf6 46.
Bc3 Nc2 47. Bb2 Nxd4+ 48. Ke4 c5 49. g4 Bg7 50. f4 Ne6 51. Bxg7 Nxg7 52. f5
gxf5+ 53. gxf5 Ne8 54. Ke5 Kd3 55. Nf4+ Ke3 56. Nd5+ Kf3 57. Nc7 c4 58. Nxe8 c3
59. f6 c2 60. f7 c1=Q 61. f8=Q+ Kg3 62. Qg7+ Kxh3 63. Qxh7+ Kg3 64. Qd3+ Kf2
65. Qd4+ Kf3 66. Qe4+ Kf2 67. Qd4+ Kf3 68. Qd5+ Kg3 1-0

[Event "Liga Madrileña 2010/2011 - D. Honor"]
[Site "Madrid ESP"]
[Date "2011.02.06"]
[Round "9.41"]
[White "Enjuto Velasco, Roberto"]
[Black "Candela Perez, Jose"]
[Result "1/2-1/2"]
[WhiteElo "2184"]
[BlackElo "2399"]
[PlyCount "136"]
[EventDate "2010.11.21"]
[EventType "team"]
[EventRounds "14"]
[EventCountry "ESP"]
[Source "lmi"]
[SourceDate "2010.11.21"]
[WhiteTeam "Vallecas CDV"]
[BlackTeam "Leganes"]
[WhiteTeamCountry "ESP"]
[BlackTeamCountry "ESP"]

1. b3 d5 2. Bb2 Bf5 3. d3 Nf6 4. g3 e6 5. Bg2 Be7 6. Nd2 h6 7. Ngf3 c5 8. O-O
Nc6 9. e4 Bh7 10. exd5 exd5 11. Ne5 Nxe5 12. Bxe5 O-O 13. Re1 Qd7 14. d4 Qf5
15. dxc5 Bxc5 16. Nf3 Ne4 17. Bd4 Rac8 18. Nh4 Qg5 19. c4 Rfd8 20. Bxc5 Rxc5
21. Qe2 Rdc8 22. cxd5 Rc2 23. Qb5 Qd2 24. Rf1 Nxf2 25. Nf3 Qe3 26. Rae1 Nh3+
27. Kh1 Bd3 28. Rxe3 Bxb5 29. Bxh3 Bxf1 30. Bxf1 Rxa2 31. d6 Rd8 32. Rd3 a5 33.
Ne5 Ra3 34. Nc4 Ra1 35. Kg2 b5 36. Ne5 Rc1 37. d7 f6 38. Ng6 Kf7 39. Nf4 g5 40.
Nh3 Rc5 41. Nf2 Ke7 42. Ne4 Re5 43. Nc3 b4 44. Nd5+ Ke6 45. Nc7+ Ke7 46. Nd5+
Kf7 47. Nb6 Rc5 48. Rd2 Rc6 49. Na4 Ke7 50. Bb5 Re6 51. Nc5 Re5 52. Re2 Rxe2+
53. Bxe2 Rb8 54. Bg4 h5 55. Bf5 Rb5 56. Ne6 Kxd7 57. Nd4+ Rxf5 58. Nxf5 Ke6 59.
Ne3 a4 60. bxa4 b3 61. Nc4 Kd5 62. Nb2 Kd4 63. Kf2 Kc3 64. Nd1+ Kd2 65. Ne3 Kd3
66. Nd1 Kd2 67. Ne3 Kd3 68. Nd1 Kd2 1/2-1/2

[Event "Liga Madrileña 2010/2011 - D. Honor"]
[Site "Madrid ESP"]
[Date "2011.02.06"]
[Round "9.42"]
[White "Arribas Lopez, Angel"]
[Black "Pastor Alonso de Prado, Alberto"]
[Result "1/2-1/2"]
[WhiteElo "2439"]
[BlackElo "2176"]
[PlyCount "48"]
[EventDate "2010.11.21"]
[EventType "team"]
[EventRounds "14"]
[EventCountry "ESP"]
[Source "lmi"]
[SourceDate "2010.11.21"]
[WhiteTeam "Leganes"]
[BlackTeam "Vallecas CDV"]
[WhiteTeamCountry "ESP"]
[BlackTeamCountry "ESP"]

1. e4 e5 2. f4 exf4 3. Nf3 d6 4. Bc4 g5 5. O-O h6 6. d4 Bg7 7. g3 g4 8. Nh4 f3
9. c3 Nc6 10. Nxf3 gxf3 11. Qxf3 Nf6 12. b4 Bh3 13. Re1 O-O 14. b5 Na5 15. Bd3
Bg4 16. Qf4 Qd7 17. Ba3 Rae8 18. Nd2 Nh5 19. Qe3 f5 20. e5 f4 21. Qe4 Bf5 22.
Qd5+ Be6 23. Qe4 Bf5 24. Qd5+ Be6 1/2-1/2

[Event "Liga Madrileña 2010/2011 - D. Honor"]
[Site "Madrid ESP"]
[Date "2011.02.06"]
[Round "9.43"]
[White "Montañes Arribas, Adrian"]
[Black "Taboas Rodriguez, Daniel"]
[Result "0-1"]
[WhiteElo "2147"]
[BlackElo "2366"]
[PlyCount "62"]
[EventDate "2010.11.21"]
[EventType "team"]
[EventRounds "14"]
[EventCountry "ESP"]
[Source "lmi"]
[SourceDate "2010.11.21"]
[WhiteTeam "Vallecas CDV"]
[BlackTeam "Leganes"]
[WhiteTeamCountry "ESP"]
[BlackTeamCountry "ESP"]

1. e4 e5 2. Nf3 Nc6 3. Bb5 Nf6 4. d3 d6 5. c3 Bd7 6. Ba4 g6 7. Nbd2 Bg7 8. Nf1
O-O 9. Ng3 Qe7 10. O-O Ng4 11. h3 Nh6 12. d4 Kh8 13. Re1 f6 14. a3 Nf7 15. Bc2
Rae8 16. Be3 Bh6 17. Nf1 f5 18. exf5 gxf5 19. Bxh6 Nxh6 20. dxe5 dxe5 21. Qd2
Qg7 22. Qg5 Rg8 23. Qxg7+ Rxg7 24. Rad1 e4 25. N3d2 Ne5 26. Kh2 Nhf7 27. Ne3
Reg8 28. Rg1 Be6 29. Nb3 f4 30. Nd5 Bxd5 31. Rxd5 Nf3+ 0-1

[Event "Liga Madrileña 2010/2011 - D. Honor"]
[Site "Madrid ESP"]
[Date "2011.02.06"]
[Round "9.44"]
[White "Davicce Cañada, Juan Antonio"]
[Black "Martin Duque, Jesus"]
[Result "1-0"]
[WhiteElo "2097"]
[BlackElo "2115"]
[PlyCount "75"]
[EventDate "2010.11.21"]
[EventType "team"]
[EventRounds "14"]
[EventCountry "ESP"]
[Source "lmi"]
[SourceDate "2010.11.21"]
[WhiteTeam "Leganes"]
[BlackTeam "Vallecas CDV"]
[WhiteTeamCountry "ESP"]
[BlackTeamCountry "ESP"]

1. d4 Nf6 2. c4 e6 3. Nc3 Bb4 4. e3 O-O 5. Bd3 c5 6. Nge2 d5 7. cxd5 exd5 8.
O-O c4 9. Bc2 Nc6 10. f3 Re8 11. e4 dxe4 12. fxe4 h6 13. e5 Nd5 14. Be4 Be6 15.
Kh1 Qd7 16. Qe1 Rad8 17. Qg3 Kh8 18. Bc2 Be7 19. Nxd5 Bxd5 20. Be3 Nb4 21. Bf5
Qc6 22. Qh3 Bf8 23. Nf4 Be4 24. Bxe4 Qxe4 25. Rad1 Nc2 26. Bg1 Bb4 27. Qh5 Kg8
28. Nh3 Re7 29. Rf4 Qc6 30. Rdf1 Rf8 31. Qe2 Qg6 32. Rc1 Ne1 33. Rxe1 Bxe1 34.
Qxe1 f6 35. e6 Qc2 36. d5 b6 37. d6 Ree8 38. e7 1-0

[Event "Liga Madrileña 2010/2011 - D. Honor"]
[Site "Madrid ESP"]
[Date "2011.02.06"]
[Round "9.45"]
[White "Madurga Lopez, Ignacio"]
[Black "Pedrajas Estepa, Manuel"]
[Result "1-0"]
[WhiteElo "1988"]
[BlackElo "2097"]
[PlyCount "107"]
[EventDate "2010.11.21"]
[EventType "team"]
[EventRounds "14"]
[EventCountry "ESP"]
[Source "lmi"]
[SourceDate "2010.11.21"]
[WhiteTeam "Vallecas CDV"]
[BlackTeam "Leganes"]
[WhiteTeamCountry "ESP"]
[BlackTeamCountry "ESP"]

1. e4 e5 2. Nf3 d6 3. d4 Nd7 4. Nc3 Ngf6 5. g4 Nxg4 6. Rg1 Ngf6 7. Bc4 Nb6 8.
Bb3 Be6 9. dxe5 dxe5 10. Qxd8+ Rxd8 11. Bxe6 fxe6 12. Nxe5 a6 13. Nd3 Kd7 14.
Bg5 Re8 15. O-O-O Kc8 16. Ne5 Bb4 17. f3 Bxc3 18. bxc3 Nfd7 19. Bf4 Rhf8 20.
Nxd7 Rxf4 21. Nxb6+ cxb6 22. Rxg7 Rxf3 23. Kb2 Rh3 24. Rdd7 h5 25. Rc7+ Kb8 26.
Rxb7+ Ka8 27. Ra7+ Kb8 28. Rxa6 Rxh2 29. Rxb6+ Ka8 30. Rg6 e5 31. Rge6 Rxe6 32.
Rxe6 h4 33. Rxe5 Re2 34. Re7 h3 35. Rh7 h2 36. Kb3 Kb8 37. a4 Ka8 38. c4 Kb8
39. e5 Kc8 40. e6 Rxe6 41. Rxh2 Kb7 42. Rh3 Rb6+ 43. Kc3 Rb1 44. c5 Ra1 45. Kb4
Rb1+ 46. Rb3 Rh1 47. Kb5 Kc7 48. a5 Rh8 49. Rg3 Rb8+ 50. Kc4 Ra8 51. Rg7+ Kc6
52. a6 Ra7 53. Rg6+ Kc7 54. Kb5 1-0

[Event "Liga Madrileña 2010/2011 - D. Honor"]
[Site "Madrid ESP"]
[Date "2011.02.06"]
[Round "9.46"]
[White "Nuñez Gutierrez, Juan Carlos"]
[Black "Muñoz Sanchez, Daniel"]
[Result "0-1"]
[WhiteElo "2093"]
[BlackElo "1976"]
[PlyCount "84"]
[EventDate "2010.11.21"]
[EventType "team"]
[EventRounds "14"]
[EventCountry "ESP"]
[Source "lmi"]
[SourceDate "2010.11.21"]
[WhiteTeam "Leganes"]
[BlackTeam "Vallecas CDV"]
[WhiteTeamCountry "ESP"]
[BlackTeamCountry "ESP"]

1. e4 e6 2. d3 d5 3. Nd2 c5 4. Ngf3 Nc6 5. g3 Bd6 6. Bg2 Nge7 7. O-O O-O 8. Nh4
d4 9. f4 e5 10. f5 f6 11. Nc4 b5 12. Nxd6 Qxd6 13. g4 c4 14. g5 fxg5 15. Bxg5
h6 16. Bd2 Rf6 17. Rf3 a5 18. Rg3 Rf7 19. Qh5 Rf6 20. Rf1 c3 21. bxc3 dxc3 22.
Be3 Bd7 23. Bh3 Kh7 24. Kh1 Rg8 25. Bg5 Be8 26. Ng6 Nxg6 27. fxg6+ Bxg6 28.
Rxf6 Qxf6 29. Qxh6+ gxh6 30. Bxf6 Rf8 31. Bh4 Rf4 32. Rg4 Rxg4 33. Bxg4 Kg7 34.
Be2 b4 35. Kg2 Nd4 36. Bd1 Nb5 37. Bf2 Nd4 38. Be3 Bf7 39. Kg3 Bxa2 40. Bxd4
exd4 41. Kf4 a4 42. Ke5 b3 0-1

[Event "Liga Madrileña 2010/2011 - D. Honor"]
[Site "Madrid ESP"]
[Date "2011.02.13"]
[Round "10.11"]
[White "Almagro Llamas, Pablo"]
[Black "Hernandez Gallardo, Francisco Javier"]
[Result "1/2-1/2"]
[WhiteElo "2472"]
[BlackElo "2330"]
[PlyCount "40"]
[EventDate "2010.11.21"]
[EventType "team"]
[EventRounds "14"]
[EventCountry "ESP"]
[Source "lmi"]
[SourceDate "2010.11.21"]
[WhiteTeam "Virgen de Atocha"]
[BlackTeam "Moratalaz"]
[WhiteTeamCountry "ESP"]
[BlackTeamCountry "ESP"]

1. c4 g6 2. g3 Bg7 3. Bg2 c5 4. Nf3 Nc6 5. Nc3 e6 6. d4 Nxd4 7. Nxd4 cxd4 8.
Nb5 Qb6 9. e3 d5 10. Nxd4 dxc4 11. Qa4+ Bd7 12. Qxc4 Ne7 13. a4 Rc8 14. Qd3 a6
15. Qa3 Nc6 16. Nxc6 Bxc6 17. Bxc6+ Rxc6 18. O-O Rd6 19. e4 O-O 20. Qf3 Rc8
1/2-1/2

[Event "Liga Madrileña 2010/2011 - D. Honor"]
[Site "Madrid ESP"]
[Date "2011.02.13"]
[Round "10.12"]
[White "Serrano Salvador, Eduardo"]
[Black "Anton Guijarro, David"]
[Result "1-0"]
[WhiteElo "2359"]
[BlackElo "2421"]
[PlyCount "57"]
[EventDate "2010.11.21"]
[EventType "team"]
[EventRounds "14"]
[EventCountry "ESP"]
[Source "lmi"]
[SourceDate "2010.11.21"]
[WhiteTeam "Moratalaz"]
[BlackTeam "Virgen de Atocha"]
[WhiteTeamCountry "ESP"]
[BlackTeamCountry "ESP"]

1. d4 Nf6 2. Nf3 e6 3. Bg5 c5 4. e3 b6 5. d5 a6 6. c4 d6 7. Nc3 e5 8. Bd3 Be7
9. Qc2 Nbd7 10. h3 Rb8 11. g4 b5 12. Bxf6 Bxf6 13. cxb5 axb5 14. Bxh7 Qa5 15.
O-O Be7 16. a4 b4 17. Nb5 b3 18. Qb1 Nf6 19. Bf5 Bb7 20. Rd1 Rxh3 21. Kg2 Rh8
22. g5 Nd7 23. g6 f6 24. Qe4 Nf8 25. Nd2 Bc8 26. Nc4 Qd8 27. Rh1 Rxh1 28. Rxh1
Ba6 29. Rh7 1-0